Dawne Miasta w Kujawsko-Pomorskim - Statystyki

Ogólne statystyki
  • Ten quiz został rozwiązany 20 razy
    6 od ostatniego zresetowania
  • Średni wynik to 2 z 24
Statystyki odpowiedzi
Powiat Prawa miejskie w latach miejscowość % Poprawnych
miasto Bydgoszcz 1382-około 1400, 1424-1973 Fordon
60%
golubsko-dobrzyński 1789-1870,1919-1951 Dobrzyń
20%
golubsko-dobrzyński 1300-1951 Golub
20%
radziejowski 1824-1870 Osięciny
20%
miasto Toruń 1555-1833 Podgórz
20%
rypiński 1784-1825 Raciążek
20%
żniński 1380-1580 i 1672-1934 Rogowo
20%
nakielski 1299-1934 Rynarzewo
20%
bydgoski 1286-1300 Byszewo
0%
mogileński 1425-1934 Gębice
0%
nakielski przed 1245-przed 1450 Gromadno
0%
brodnicki przed 1356- przed 1400 Księte
0%
mogileński 1342-1874 Kwieciszewo
0%
bydgoski ...-... Ostromecko
0%
świecki 1367-1867 Pruszcz
0%
aleksandrowski 1274-1550 Przypust
0%
nakielski 1786-1799 Radzimin
0%
aleksandrowski 1489-1870 Służewo
0%
chełmiński 1238-1248 Starogród Nowy
0%
chełmiński 1232-1239 Starogród Stary
0%
żniński 1392-1400 Wenecja
0%
mogileński 1388-1871 Wylatowo
0%
żniński 1298-1849 Żerniki
0%
nakielski ...-... Żurawia
0%
Nie znaleziono quizów pasujących do podanych kryteriów
Rozkład punktacji
Procent ludzi z każdym wynikiem
Percentyl według liczby udzielonych odpowiedzi
Twoja historia wyników
Nie rozwiązałeś tego quizu od ostatniego zresetowania